| 000 | 00664nam a2200241Ia 4500 | ||
|---|---|---|---|
| 003 | OSt | ||
| 005 | 20220928123939.0 | ||
| 006 | a|||||r|||| 00| 0 | ||
| 007 | ta | ||
| 008 | 220927b |||||||| |||| 00| 0 eng d | ||
| 024 | _a32281 | ||
| 037 | _cTextual | ||
| 040 |
_aSDCL _cSDCL _beng |
||
| 041 |
_2eng _aeng |
||
| 082 | _aSjN04, M0 | ||
| 100 |
_aJusczyk Peter W Ed. _9462466 |
||
| 245 | 0 | _aNature of thought. | |
| 260 |
_aNew Jersey _bLawrence Erlbaum _c1980 |
||
| 300 |
_axv,256p. _ccm. |
||
| 700 |
_a Klein Raymond M Ed. _9462467 |
||
| 942 |
_hSjN04, M0 _cTEXL _2CC |
||
| 999 |
_c775451 _d775451 |
||